Laboratory animal housing : proceedings of a symposium held at Hunt Valley, Maryland, September 22-23, 1976 /

Bibliographic Details
Corporate Authors: Institute of Laboratory Animal Resources (U.S.), National Academy of Sciences (U.S.)
Format: Book
Language:English
Published: Washington : National Academy of Sciences, 1978.
Subjects:

MARC

Tag First Indicator Second Indicator Subfields
LEADER 00000cam a2200000 a 4500
001 in00004465430
005 20230113200036.7
008 810604s1978 dcua b f100 0 eng d
010 |a  78012545  
020 |a 030902790X 
035 |a (OCoLC)04494955 
035 |z (UtOrBLW)9221 
035 |a 16386 
040 |a NLM  |c NLM  |d TMV  |d UtOrBLW 
049 |a TMVN  |c [8004306]  |c 2 
060 4 |a QY 56  |b L123 1976 
245 0 0 |a Laboratory animal housing :  |b proceedings of a symposium held at Hunt Valley, Maryland, September 22-23, 1976 /  |c Institute of Laboratory Animal Resources, Division of Biological Sciences, Assembly of Life Sciences. 
264 1 |a Washington :  |b National Academy of Sciences,  |c 1978. 
300 |a vii, 220 pages :  |b illustrations ;  |c 28 cm. 
336 |a text  |2 rdacontent  |b txt 
337 |a unmediated  |2 rdamedia 
338 |a volume  |2 rdacarrier  |b nc 
500 |a A National Academy of Sciences - National Research Council symposium. 
504 |a Includes bibliographies. 
650 2 |a Animals, Laboratory  |v Congresses. 
650 2 |a Housing, Animal  |x standards  |v Congresses. 
710 2 |a Institute of Laboratory Animal Resources (U.S.) 
710 2 |a National Academy of Sciences (U.S.) 
999 |a MARS 
999 f f |s 9fc6b9b2-fa51-3fa7-9f26-b5772df0c3be  |i 5fe9a03f-f935-3df4-af74-dfd5d03e894f  |t 0 
952 f f |p preservation  |a Texas A&M University  |b J.J. Pickle Campus  |c High Density Repository  |d Remote Storage  |t 0  |e QY 56 L123 1976  |h National Library of Medicine classification  |i unmediated -- volume  |m 323890232669A 
952 f f |p ric  |a Texas A&M University  |b Rellis Campus  |c Joint Library Facility  |d Remote Storage  |t 0  |e QY 56 L123 1976  |h National Library of Medicine classification  |i unmediated -- volume  |m 3238900157331 
998 f f |a QY 56 L123 1976  |t 0  |l Remote Storage 
998 f f |a QY 56 L123 1976  |t 0  |l Remote Storage